| 000 | 01434nam a2200325 i 4500 | ||
|---|---|---|---|
| 003 | EG-GICUC | ||
| 005 | 20260121101157.0 | ||
| 008 | 251109s2010 ua ||||f |||| 00| 0 ara d | ||
| 017 | _a2007/1315 | ||
| 040 |
_a EG-GICUC _c EG-GICUC _d EG-GICUC _erda _bara |
||
| 041 | _aara | ||
| 082 | 0 | 4 |
_221 _a345 _bم ا . ق |
| 092 | 0 | 4 | _221 |
| 099 | _alaw1 07 345 م ا . ق 3 ed - 2010 | ||
| 100 | 0 |
_aمازن ليلو راضي _eمؤلف. |
|
| 245 |
_aالقانون الإداري : _bطبيعة القانون الإداري - التنظيم الإداري -الضبط الإداري المرفق العام - الوظيفة العامة - الاموال العامة - القرار الإداري- العقود الإدارية / _cدكتور مازن ليلو راضي |
||
| 250 |
_aالطبعة الثالثة _bمزيدة و منقحة |
||
| 264 |
_aالعراق : _bجامعة دهوك , _c2010. |
||
| 300 |
_a343 صفحة _c24 سم |
||
| 336 |
_2rda content _atext |
||
| 337 |
_2rda media _aComputer |
||
| 338 |
_2rda carrier _aOnline Resource |
||
| 500 | _aيشتمل علي ارجاعات ببليوجرافية | ||
| 546 | _aالنص أغلبه باللغة العربية بعض النصوص الإنجليزية والفرنسية | ||
| 650 | 1 |
_aالقانون الإداري _2qrmak |
|
| 651 | 1 | _2qrmak | |
| 856 | 4 | 0 | _uhttps://fll.law.cu.edu.eg/fulltext/bks/B07-00630.pdf |
| 905 | _a74 | ||
| 942 |
_2ddc _n0 _cBK _e21 |
||
| 999 |
_c41799 _d41799 |
||